000
00263nam a2200109Ia 4500
008
190914s9999||||xx |||||||||||||| ||und||
100
_a
Erwin Rausch
245
0
_a
High Quality Leadership
260
_a
New Jersey
_b
Thomson South
_c
1995
300
_a
208
942
_c
BK
999
_c
9455
_d
9455